000 00613nam a2200229Ia 4500
003 OSt
005 20220923214749.0
006 a|||||r|||| 00| 0
007 ta
008 220922b |||||||| |||| 00| 0 hin d
024 _a172,471
037 _cTextual
040 _aARTS
_cARTS
_bhin
041 _2hin
_ahin
082 _aO152:3N52x, L3
100 _aशर्मा, अचला
245 0 _aबर्दाश्त बाहर
246 _aBardāshta bāhara
260 _c1973
942 _hO152:3N52x, L3
_cTEXL
_2CC
999 _c326531
_d326531